| 000 | 00587nam a22001937a 4500 | ||
|---|---|---|---|
| 999 |
_c3842 _d3799 |
||
| 008 | 190823b ||||| |||| 00| 0 eng d | ||
| 020 | _a9789750816147 | ||
| 041 | _atur | ||
| 050 | _aPL248.E48 | ||
| 100 |
_91614 _aEmre, Gültekin |
||
| 245 | _a Kardeş Alevler : Eleştiri - İnceleme | ||
| 250 | _a1.Baskı | ||
| 260 |
_aİstanbul: _bYapı Kredi Yayınları, _cMayıs 2009 |
||
| 300 | _a311 Sayfa | ||
| 500 | _aYapı Kredi Yayınları ; 2905 Edebiyat ; 870 | ||
| 650 | 0 |
_9145 _aTürk Edebiyatı |
|
| 650 | 0 |
_aAraştırma-İnceleme _91687 |
|
| 942 |
_2lcc _cBK |
||